| 000 | 00800nam a2200301Ia 4500 | ||
|---|---|---|---|
| 008 | 160803s9999 xx 000 0 und d | ||
| 020 | _a978-0375939150 | ||
| 100 | _aGifford, Peggy | ||
| 245 | _aMoxy Maxwell does not love Stuart Little / | ||
| 245 | _cby Peggy Gifford ; photographs by Valorie Fisher. | ||
| 260 | _aNew York : | ||
| 260 | _bScholastic Inc. | ||
| 260 | _c2007 | ||
| 300 | _a91 pages : | ||
| 300 | _billustrations ; | ||
| 300 | _c22 cm. | ||
| 650 | _aBooks and reading -- | ||
| 650 | _aBooks and reading -- | ||
| 650 | _aFamilies -- | ||
| 650 | _aSummer -- | ||
| 650 | _aTwins -- | ||
| 650 | _xFiction. | ||
| 650 | _xJuvenile fiction. | ||
| 650 | _xJuvenile fiction. | ||
| 650 | _xJuvenile fiction. | ||
| 650 | _xJuvenile fiction. | ||
| 700 | _a890 | ||
| 999 |
_c298097 _d298097 |
||